| 000 | 01139nam a22002777a 4500 | ||
|---|---|---|---|
| 003 | BD-DhSAU | ||
| 005 | 20221001155256.0 | ||
| 008 | 150612b2021 bg ad||| m||| 00| 0 eng d | ||
| 040 | _aBD-DhSAU | ||
| 082 |
_222 _a631.521 _bR8121 |
||
| 100 |
_aRoy, Anup _eRegistration No. # 13-05282 |
||
| 245 |
_aGrain quality traits of aromatic rice varieties as influenced by supplementation of zinc and 2-acetyl-1-pyrroline / _bMS thesis |
||
| 260 |
_aSher-e-Bangla Agricultural University, _bInstitute of Seed Technology, _c2020 |
||
| 300 |
_aix, 92p. _bill. ; _c30 cm. |
||
| 500 | _aMS thesis of Department of seed techonology, Faculty of Agriculture, Sher-e-Bangla Agricultural University, Dhaka, Bangladesh | ||
| 504 | _aIncludes bibliographical reference. | ||
| 590 | _anazmul | ||
| 650 | _aGrain quality traits | ||
| 650 | _aaromatic rice varieties | ||
| 651 | _azinc and 2-acetyl-1-pyrroline | ||
| 654 | _anitrogen and phosphorus | ||
| 700 |
_eSuperviser _qProf. Dr. Tuhin Suvra Roy |
||
| 700 |
_eCo-superviser _qProf. Dr. Mohammad Ali |
||
| 942 |
_2ddc _cTHESIS |
||
| 999 |
_c16125 _d16124 |
||